00330nam a2200121Ia 4500008004100000041000800041082001600049100001900065245004500084260004000129300003000169365000900199240624s9999 xx 000 0 und d aeng a658.314 DIB aDIBBLE SUZANNE aKEEPING YOUR VALUABLE EMPLOYEES RETENTIO c1999aNew YorkbJohn Wiley and Sons axv, : 284 : p. : cm. ; 23 cb35